Caricamento...
Rashbehary Ghose on law of mortage
| Autore principale: | |
|---|---|
| Natura: | Printed Book |
| Pubblicazione: |
Kolkata
Kamal law house
2006
|
| Edizione: | ed.8 |
| Soggetti: |
| LEADER | 00512nam a22001577a 4500 | ||
|---|---|---|---|
| 074 | |a 4816 | ||
| 082 | |a 346.04364 GUP'06 | ||
| 100 | |a Gupta, Sen S P |9 72 | ||
| 245 | |a Rashbehary Ghose on law of mortage | ||
| 250 | |a ed.8 | ||
| 260 | |a Kolkata |b Kamal law house |c 2006 | ||
| 300 | |a 111+1064p. | ||
| 500 | |a Includes index | ||
| 653 | |a Law |a Reality law |a Mortages | ||
| 999 | |c 76 |d 76 | ||
| 952 | |0 0 |1 0 |2 ddc |4 0 |6 343_094000000000000_4_GUP06 |7 0 |9 11839 |a NUALS |b NUALS |c GEN |d 2015-11-28 |l 0 |o 343.094 4 GUP'06 |p 4816 |r 2015-11-28 |w 2015-11-28 |y BK | ||